| 000 | 01681cam a2200385 a 4500 | ||
|---|---|---|---|
| 999 |
_c23901 _d23873 |
||
| 001 | 16645235 | ||
| 003 | EG-ScBUE | ||
| 005 | 20200226103809.0 | ||
| 008 | 110209t2012 maua f b 000 0 eng d | ||
| 020 | _a9781111352097 (pbk.) | ||
| 020 | _a1111352097 (pbk.) | ||
| 035 | _a(OCoLC)ocn747579725 | ||
| 040 |
_aNz _beng _erda _cZ5U _dBTCTA _dYDXCP _dOCLCQ _dBWX _dOCLCO _dDLC _dEG-ScBUE |
||
| 082 | 0 | 4 |
_a808.0427 _bDOL _222 |
| 100 | 1 |
_aDollahite, Nancy E., _eauthor. |
|
| 245 | 1 | 0 |
_aSourcework : _bacademic writing from sources / _cNancy E. Dollahite, Portland State University, Julie Haun, Portland State University. |
| 250 | _aSecond edition. | ||
| 264 | 1 |
_aBoston : _bHeinle/Cengage Learning, _c[2012] |
|
| 264 | 4 | _cc2012 | |
| 300 |
_axvii, 222 pages : _billustrations ; _c28 cm |
||
| 336 |
_2rdacontent _atext _btxt |
||
| 337 |
_2rdamedia _aunmediated _bn |
||
| 338 |
_2rdacarrier _avolume _bnc |
||
| 500 | _aIncludes appendices. | ||
| 504 | _aIncludes bibliographical references. | ||
| 520 | _aDesigned to help students make use of outside sources, this title intends to better guide writers through the challenges of their first academic research papers. With new university-level readings and activities, it helps students master the writing and critical thinking skills necessary to produce strong academic essays using supporting evidence. | ||
| 650 | 7 |
_aCollege readers. _2BUEsh |
|
| 650 | 7 |
_aEnglish language _xRhetoric _vProblems, exercises, etc. _2BUEsh |
|
| 650 | 7 |
_aReport writing _vProblems, exercises, etc. _2BUEsh |
|
| 651 | _2BUEsh | ||
| 653 |
_bHHUUEENN _cJanuary2017 |
||
| 655 |
_vReading book _934232 |
||
| 700 | 1 |
_aHaun, Julie, _eauthor. |
|
| 942 |
_2ddc _cBB |
||